Rating consultancy RICS/IRRV/RSA code of practice (Record no. 115873)
[ view plain ]
| 000 -LEADER | |
|---|---|
| fixed length control field | 01682cam a22003375a 4500 |
| 001 - CONTROL NUMBER | |
| control field | L159407 115873 |
| 008 - FIXED-LENGTH DATA ELEMENTS--GENERAL INFORMATION | |
| fixed length control field | 170331s2017 xxk 000 0 eng u |
| 020 ## - INTERNATIONAL STANDARD BOOK NUMBER | |
| International Standard Book Number | 9781783211906 |
| 035 ## - SYSTEM CONTROL NUMBER | |
| System control number | (Sirsi) u159407 |
| 041 0# - LANGUAGE CODE | |
| Language code of text/sound track or separate title | eng |
| 050 04 - LIBRARY OF CONGRESS CALL NUMBER | |
| Classification number | 336.21 |
| 110 2# - MAIN ENTRY--CORPORATE NAME | |
| Corporate name or jurisdiction name as entry element | Royal Institution of Chartered Surveyors |
| 9 (RLIN) | 4900 |
| 245 00 - TITLE STATEMENT | |
| Title | Rating consultancy RICS/IRRV/RSA code of practice |
| Medium | [old edition] |
| 250 ## - EDITION STATEMENT | |
| Edition statement | 4th ed. |
| 260 ## - PUBLICATION, DISTRIBUTION, ETC. | |
| Place of publication, distribution, etc. | London |
| Name of publisher, distributor, etc. | RICS |
| Date of publication, distribution, etc. | 2017 |
| 490 #0 - SERIES STATEMENT | |
| Series statement | RICS Code of Practice |
| 520 ## - SUMMARY, ETC. | |
| Summary, etc. | Sets out the standards of practice that rating consultants must adopt in all cases where they are seeking instructions or are apporached by a new or existing client in order to improve advice in relation to non-domestic rating matters. It has mandatory applications in relation to rating consultancy work. Effective from 1 April 2017. |
| 520 ## - SUMMARY, ETC. | |
| Summary, etc. | Supersedes 3rd ed. ISBN 9781842195888 |
| 520 ## - SUMMARY, ETC. | |
| Summary, etc. | This code of practice was amended January 2022 to update references to the RICS Rules of Conduct |
| 520 ## - SUMMARY, ETC. | |
| Summary, etc. | Superseded by 5th edition from 1 June 2024 ISBN 9781783215201 |
| 590 ## - LOCAL NOTE (RLIN) | |
| Local note | KA |
| 651 #4 - SUBJECT ADDED ENTRY--GEOGRAPHIC NAME | |
| Geographic name | England and Wales |
| 651 #4 - SUBJECT ADDED ENTRY--GEOGRAPHIC NAME | |
| Geographic name | Scotland |
| 651 #4 - SUBJECT ADDED ENTRY--GEOGRAPHIC NAME | |
| Geographic name | Northern Ireland |
| 690 ## - LOCAL SUBJECT ADDED ENTRY--TOPICAL TERM (OCLC, RLIN) | |
| Topical term or geographic name as entry element | Finance and taxation |
| 710 2# - ADDED ENTRY--CORPORATE NAME | |
| Corporate name or jurisdiction name as entry element | Institute of Revenues, Rating and Valuation |
| 9 (RLIN) | 2992 |
| 710 1# - ADDED ENTRY--CORPORATE NAME | |
| Corporate name or jurisdiction name as entry element | Rating Surveyors' Association |
| 9 (RLIN) | 2328 |
| 856 41 - ELECTRONIC LOCATION AND ACCESS | |
| Uniform Resource Identifier | <a href="https://www.rics.org/content/dam/ricsglobal/documents/standards/rating_consultancy_january_2022.pdf">https://www.rics.org/content/dam/ricsglobal/documents/standards/rating_consultancy_january_2022.pdf</a> |
| Public note | Revised 2022 version on RICS.org here |
| 856 41 - ELECTRONIC LOCATION AND ACCESS | |
| Uniform Resource Identifier | <a href="https://www.isurv.com/downloads/file/7002/rating_consultancy_uk_code_of_practice_4th_edition">https://www.isurv.com/downloads/file/7002/rating_consultancy_uk_code_of_practice_4th_edition</a> |
| Public note | View original on iSurv (subscription required) |
| 942 ## - ADDED ENTRY ELEMENTS (KOHA) | |
| Suppress in OPAC | 0 |
| Source of classification or shelving scheme | Dewey Decimal Classification |
| Withdrawn status | Lost status | Source of classification or shelving scheme | Damaged status | Not for loan | Home library | Current library | Shelving location | Date acquired | Total Checkouts | Full call number | Barcode | Date last seen | Copy number | Price effective from | Koha item type |
|---|---|---|---|---|---|---|---|---|---|---|---|---|---|---|---|
| Dewey Decimal Classification | Virtual | Virtual | Online | 31/03/2017 | ONLINE PUBLICATION | 159407-2001 | 13/04/2023 | 1 | 06/08/2019 | Online material | |||||
| Dewey Decimal Classification | Virtual | Virtual | Online | 13/04/2023 | iSurv | 13/04/2023 | 2 | 13/04/2023 | Online material |